00230nam a22001097a 4500003000400000020002200004082001600026100001400042245002400056260003200080300000800112SGT a978-81-312-5417-2 a617.3bO18S aSUD, ALOK aTB. OF ORTHOPAEDICS aINDIA bELSEVIER PUB c2018 a357